Greatest Film of Every Year - They Shoot Pictures - Statistics

General Stats
  • This quiz has been taken 39 times
    20 since last reset
  • The average score is 34 of 107
Answer Stats
Year Director Country Title % Correct
2019 Bong Joon-ho South Korea Parasite
92%
1968 Stanley Kubrick UK 2001: A Space Odyssey
85%
1990 Martin Scorsese USA Goodfellas
85%
1954 Akira Kurosawa Japan Seven Samurai
85%
1972 Francis Ford Coppola USA The Godfather
85%
1974 Francis Ford Coppola USA The Godfather Part II
85%
1958 Alfred Hitchcock USA Vertigo
85%
1979 Francis Ford Coppola USA Apocalypse Now
77%
1941 Orson Welles USA Citizen Kane
77%
1994 Quentin Tarantino USA Pulp Fiction
77%
1971 Stanley Kubrick UK A Clockwork Orange
69%
2003 Sofia Coppola USA Lost in Translation
69%
1981 Steven Spielberg USA Raiders of the Lost Ark
69%
1976 Martin Scorsese USA Taxi Driver
69%
1977 Woody Allen USA Annie Hall
62%
1942 Michael Curtiz USA Casablanca
62%
1931 Charlie Chaplin USA City Lights
62%
1984 Sergio Leone USA Once Upon a Time in America
62%
1980 Martin Scorsese USA Raging Bull
62%
2014 Richard Linklater USA Boyhood
54%
1946 Frank Capra USA It's a Wonderful Life
54%
2001 David Lynch USA Mulholland Drive
54%
2020 Chloé Zhao USA Nomadland
54%
2006 Guillermo del Toro Spain Pan's Labyrinth
54%
2018 Alfonso Cuarón Mexico Roma
54%
1963 Federico Fellini Italy
46%
1982 Ridley Scott USA Blade Runner
46%
1986 David Lynch USA Blue Velvet
46%
1964 Stanley Kubrick UK Dr. Strangelove
46%
2000 Wong Kar-wai Hong Kong In the Mood for Love
46%
1962 David Lean UK Lawrence of Arabia
46%
1936 Charlie Chaplin USA Modern Times
46%
1922 F. W. Murnau Germany Nosferatu
46%
2017 Paul Thomas Anderson USA Phantom Thread
46%
1952 Gene Kelly and Stanley Donen USA Singin' in the Rain
46%
2007 Paul Thomas Anderson USA There Will Be Blood
46%
1956 John Ford USA The Searchers
46%
1948 Vittorio De Sica Italy Bicycle Thieves
38%
2002 Fernando Meirelles and Kátia Lund Brazil City of God
38%
2004 Michel Gondry USA Eternal Sunshine of the Spotless Mind
38%
1966 Ingmar Bergman Sweden Persona
38%
1950 Akira Kurosawa Japan Rashomon
38%
1978 Michael Cimino USA The Deer Hunter
38%
2011 Terrence Malick USA The Tree of Life
38%
1992 Clint Eastwood USA Unforgiven
38%
1925 Sergei Eisenstein USSR Battleship Potemkin
31%
1960 Jean-Luc Godard France Breathless
31%
1975 Andrei Tarkovsky USSR Mirror
31%
1959 François Truffaut France The 400 Blows
31%
1915 D. W. Griffith USA The Birth of a Nation
31%
1993 Jane Campion New Zealand The Piano
31%
1949 Carol Reed UK The Third Man
31%
1957 Ingmar Bergman Sweden Wild Strawberries
31%
1989 Spike Lee USA Do the Right Thing
23%
2015 George Miller Australia Mad Max: Fury Road
23%
1929 Dziga Vertov USSR Man with a Movie Camera
23%
1926 Buster Keaton and Clyde Bruckman USA The General
23%
1921 Charlie Chaplin USA The Kid
23%
1928 Carl Theodor Dreyer France The Passion of Joan of Arc
23%
2009 Michael Haneke Germany The White Ribbon
23%
1969 Sam Peckinpah USA The Wild Bunch
23%
1953 Yasujirō Ozu Japan Tokyo Story
23%
1902 Georges Méliès France A Trip to the Moon
15%
1996 Lars von Trier Denmark Breaking the Waves
15%
1935 James Whale USA Bride of Frankenstein
15%
2005 Michael Haneke France Caché
15%
1988 Krzysztof Kieślowski Poland Dekalog
15%
1944 Billy Wilder USA Double Indemnity
15%
1916 D. W. Griffith USA Intolerance
15%
1930 Luis Buñuel France L'Age d'Or
15%
1955 Carl Theodor Dreyer Denmark Ordet
15%
1967 Jacques Tati France Playtime
15%
1970 Bernardo Bertolucci Italy The Conformist
15%
1943 Michael Powell and Emeric Pressburger UK The Life and Death of Colonel Blimp
15%
1939 Jean Renoir France The Rules of the Game
15%
2013 Jonathan Glazer UK Under the Skin
15%
1961 Luis Buñuel Mexico Viridiana
15%
1987 Wim Wenders West Germany Wings of Desire
15%
1973 Federico Fellini Italy Amarcord
8%
1999 Claire Denis France Beau travail
8%
1947 Michael Powell and Emeric Pressburger UK Black Narcissus
8%
1938 Howard Hawks USA Bringing Up Baby
8%
1945 Marcel Carné France Children of Paradise
8%
2021 Ryusuke Hamaguchi Japan Drive My Car
8%
1940 Howard Hawks USA His Girl Friday
8%
2012 Leos Carax France Holy Motors
8%
1965 Jean-Luc Godard France Pierrot le Fou
8%
1985 Claude Lanzmann France Shoah
8%
1927 F. W. Murnau USA Sunrise: A Song of Two Humans
8%
1920 Robert Wiene Germany The Cabinet of Dr. Caligari
8%
1951 Jean Renoir France The River
8%
2016 Maren Ade Germany Toni Erdmann
8%
1995 Emir Kusturica Yugoslavia Underground
8%
2008 Andrew Stanton USA WALL-E
8%
1991 Edward Yang Taiwan A Brighter Summer Day
0%
1919 D. W. Griffith USA Broken Blossoms
0%
1933 Leo McCarey USA Duck Soup
0%
1913 Louis Feuillade France Fantômas
0%
1924 Erich von Stroheim USA Greed
0%
1997 Wong Kar-wai Hong Kong Happy Together
0%
1998 Jean-Luc Godard France Histoire(s) du cinéma
0%
1937 Jean Renoir France La Grande Illusion
0%
1934 Jean Vigo France L'Atalante
0%
1923 Buster Keaton and John G. Blystone USA Our Hospitality
0%
1983 Chris Marker France Sans Soleil
0%
1932 Ernst Lubitsch USA Trouble in Paradise
0%
2010 Apichatpong Weerasethakul Thailand Uncle Boonmee Who Can Recall His Past Lives
0%
No matching quizzes found
Score Distribution
Percent of People with Each Score
Percentile by Number Answered
Your Score History
You have not taken this quiz since the last reset